|
|
|
|
| LEADER |
00710ncm a22002052a 4500 |
| 001 |
001230925 |
| 003 |
CZ BrMZK |
| 005 |
20120716114803.0 |
| 007 |
qu |
| 008 |
120716s1895 gw |||||||||||||||||zxx d |
| 040 |
|
|
|a BOA001
|b cze
|
| 072 |
|
7 |
|a 786
|x Hudba pro klávesové nástroje
|2 Konspekt
|9 9
|
| 100 |
0 |
|
|a Hervé,
|d 1825-1892
|7 jn20000400937
|4 cmp
|
| 245 |
1 |
0 |
|a Chilpéric-Walzer
|h [hudebnina] :
|b nach Motiven der Operette "König Chilpéric" für Clavier 2/ms /
|c Florimond Hervé
|
| 260 |
|
|
|a Leipzig :
|b Weinberger,
|c [1895?]
|
| 300 |
|
|
|a 10 s.
|
| 910 |
|
|
|a BOA001
|b Mus4-0430.406
|
| 990 |
|
|
|a MU
|
| 991 |
|
|
|b 201207
|
| 996 |
6 |
|
|b 2619054215
|c Mus4-0430.406
|l MZK
|r Sklad / do 1 hodiny
|n 0
|w 001264733
|u 000010
|a 1
|e BOA001
|j MZK50
|s P
|